000 01064cam a22003134a 4500
002 31940
005 20230410143451.0
008 040604s2002 bb b 001 0 eng
035 _a13614305
925 0 _aacquire
_b1 shelf copy
_xpolicy default
942 _2lcc
_cbk
010 _a 2004428119
020 _a9766401144 (acid-free paper)
040 _aDLC
_cDLC
_dDLC
042 _apcc
043 _acc-----
001 14aGN 564bA435c 2002
082 0 0 _a305.8/009729
_222
100 1 _aAlleyne, Mervyn C.
245 1 4 _aThe construction and representation of race and ethnicity in the Caribbean and the world /
_cMervyn C. Alleyne.
246 3 0 _aRace and ethnicity in the Caribbean and the world
260 _aBarbados :
_bUniversity of the West Indies Press,
_c2002.
300 _ax, 266 p. ;
_c24 cm.
504 _aIncludes bibliographical references (p. 253-262) and index.
650 0 _aEthnicity
_zCaribbean Area.
650 0 _aEthnocentrism
_zCaribbean Area.
650 0 _aRacism
_zCaribeean Area.
651 0 _aCaribbean Area
_xRace relations.
999 _c102255
_d102255